Mô hình hóa và phân tích kết cấu cầu với MIDASCivil. Tập 2, Ứng dụng

Enregistré dans:
Détails bibliographiques
Format: Sách
Langue:Undetermined
Publié:  Xây dựng  2016
Sujets:
Tags: Ajouter un tag
Pas de tags, Soyez le premier à ajouter un tag!
Thư viện lưu trữ: Trung tâm Thư viện - Trường Đại học Công nghiệp TP. Hồ Chí Minh
LEADER 00522nam a2200133Ia 4500
001 UIH_07934
008 231011s9999 xx 000 0 und d
082 |a  624.250285 
245 0 |a  Mô hình hóa và phân tích kết cấu cầu với MIDASCivil. Tập 2, Ứng dụng 
260 |b  Xây dựng 
260 |c  2016 
650 |a  Cầu; MIDAS/Civil (Chương trình máy tính);  
927 |a Sách 
980 |a Trung tâm Thư viện - Trường Đại học Công nghiệp TP. Hồ Chí Minh